000 01303cam a2200253 4500
008 081002n1987 mx 000 0 spa u
020 _a9682915260
035 _aa473288
111 2 _aEncuentro Metropolitano sobre Educación Musical Infantil
_n(1o. :
_d1984 :
_cCiudad de México, México)
245 1 3 _aLa educación musical infantil en México :
_bantología de metodos y experiencias /
_c Primer Encuentro Metropolitano sobre Edución Musical Infantil : recopilación Susana Dultzin.
250 _a1a ed.
260 _aMéxico :
_bINBA, Centro Nacional de Investigación, Documentación e Información Musical Carlos Chávez, Dirección de Investigación y Documentación de las Artes,
_c1987
300 _a201 p. ;
_21 cm.
440 0 _aMúsica.
_pSerie Investigación y Documentación de laas Artes ;
_v1
500 _aEvento organizado por el INBA, mayo 25-27 de 1984
504 _aBibliografía: p. 185-201 e índice
590 _aDonación: UNAM, Instituto de Investigaqciones Estéticas
650 4 _aEscuelas musicales
_xEnseñanza
_zMéxicol
650 4 _aMúsica
_xEnseñanza
_vJuvenil
_zMéxico
700 1 _aDultzin, Susana, recop.
710 1 _aMéxico. Instituto Nacional de Bellas Artes,
_bEscuela Superior de Música
942 _2lcc
_cLIB
999 _c70863
_d70863